| 000 | 00757nam a2200253Ia 4500 | ||
|---|---|---|---|
| 003 | OSt | ||
| 005 | 20220924114254.0 | ||
| 006 | a|||||r|||| 00| 0 | ||
| 007 | ta | ||
| 008 | 220923b |||||||| |||| 00| 0 pan d | ||
| 020 | _cINR 250.00 | ||
| 024 | _a353629 | ||
| 037 |
_b1200, 02/03/2020, H.K. Prakashan _cTextual |
||
| 040 |
_aARTS _cARTS _bpan |
||
| 041 |
_2pan _apan |
||
| 082 | _aDelta8441wN62, 111R0 | ||
| 100 |
_aSewak S.N. Au. _9172731 |
||
| 245 | 0 | _aHero of Environment | |
| 260 |
_aAmritsar _bSingh Brothers India _c2020 |
||
| 300 |
_a127p. _ccm. |
||
| 650 |
_aSPIRurdALISM _9172732 |
||
| 942 |
_hDelta8441wN62, 111R0 _cTEXL _2CC |
||
| 999 |
_c392790 _d392790 |
||